000 00367nam a2200133Ia 4500
008 230312s9999||||xx |||||||||||||| ||und||
082 _a891.4
_bHAM-B
100 _aحامد میر
245 0 _aبھٹو کی سیاسی پیش گوںیاں اور چوتھا مارشل لاء
260 _bJamhori
_apak
_c2011
300 _a190
650 _aLiterature
942 _cBK
999 _c14877
_d14877